The Art-do we need them?
| Main Author: | |
|---|---|
| Format: | Book |
| Published: |
London :
Franklin Watts ,
1990
|
| Subjects: |
MARC
| LEADER | 00000cam a2200000 7i4500 | ||
|---|---|---|---|
| 001 | 0000000215 | ||
| 002 | 000000283 | ||
| 005 | 20000330.0 | ||
| 020 | |a 0749602856 | ||
| 090 | 0 | 0 | |a 790.2 |b GIL |
| 100 | 0 | |a Gill, Louis A | |
| 245 | 1 | 4 | |a The Art-do we need them? |c Louis A. Gill |
| 260 | |a London : |b Franklin Watts , |c 1990 | ||
| 300 | |a 184p. ; |c 23cm. | ||
| 650 | 0 | 0 | |a Performing arts |
| 999 | |a 027912 |b BUKU |c PINJAMAN |e PERPUSTAKAAN KOMUNITI PETALING JAYA | ||